000 00922cam a2200253 i 4500
003 SA-RiAUC
005 20251230093039.0
008 251225q19001999su g 000r0 ara c
040 _aSA-MaMIU
_bara
_cSA-RiAUC
_erda
082 0 4 _a228.9
090 _a228.9
_bف ق ي
100 1 _aالفقيه، أحمد حجازي.
_eمؤلف.
245 1 2 _aالقول السديد في أحكام التجويد /
_cتأليف أحمد حجازي الفقيه.
250 _aالطبعة الثانية.
264 1 _aمكة المكرمة :
_bالمكتبة العلمية،
_c[بين 1900 و1999]
300 _a58 صفحة ؛
_c20 × 13 سم
336 _aنص
_btxt
_2rdacontent
_3كتاب
337 _aبدون وسيط
_bn
_2rdamedia
338 _aمجلد
_bnc
_2rdacarrier
630 2 7 _aالقرآن
_xتجويد
_2aucut
730 2 2 _aالقرآن
942 _2ddc
_cBOOK
_n0
949 _aSA-JeALM
_d251225
_umohamedma123
_n1
999 _c13845
_d13845